000 00486nam a22001937a 4500
003 MPLRDC
005 20220104183052.0
008 210129b ||||| |||| 00| 0 eng d
020 _a962-491-228-9
082 _a857.9 HY-10 v.32
100 _a黄易
245 _a边荒传说, 卷卅二
_c
250 _a初版
260 _a香港
_b黄易出版社有限公司
_c2004
300 _b
490 _a黄易异侠系列
650 _a武侠小说
942 _cBK
_o857.9 HY-10 v.32
999 _c62239
_d62229